Rómovia si zaspievali...

Bibliographic Details
Main Author: (MV) (Author, fot)
Format: Article
Language:Slovak
Subjects:

MARC

LEADER 00000nab a2200000 a 4500
001 vtls001031626
003 SK-MaSNL
005 20260304221203.0
008 040720e20030508xo 0 slo
035 |a SL10180 
040 |a SLLK  |b slo  |c SLLK  |e AACR2 
041 0 |a slo 
044 |a xo  |c SK 
080 |a 323.15  |2 1981 
100 0 |a (MV)  |4 aut  |9 846403 
245 1 0 |a Rómovia si zaspievali... 
300 |b 1 foto 
611 1 7 |a Znej rómska pieseň (Stará Ľubovňa, Slovensko)  |2 SLLK  |9 1553210 
650 0 7 |a Rómovia  |2 SLLK  |9 1702 
650 0 7 |a podujatia kultúrno-spoločenské  |2 SLLK  |9 1022144 
651 7 |a SL,  |2 SLLK  |9 1022390 
655 7 |a periodikum  |2 snkbucl  |9 29553 
700 0 |a (MV)  |4 fot  |9 846403 
773 0 8 |t Ľubovnianske noviny  |g Roč. 29, č.18, 8.5.2003, s. 1 
852 |a ZVYKNI  |b KIS3GCP 
999 |c 3156458  |d 3158388